| 000 | 00559nam a2200181Ia 4500 | ||
|---|---|---|---|
| 008 | 090124s9999 xx 000 0 und d | ||
| 082 | _b45765 | ||
| 100 | _aडहाळे संजय | ||
| 245 | _a 11 नाटकांच्या नवलकथा | ||
| 250 | _a1 | ||
| 260 | _c2007 | ||
| 300 | _a71+01 | ||
| 600 | _aडहाळे संजय | ||
| 630 | _a 11 नाटकांच्या नवलकथा | ||
| 700 | _aडहाळे संजय | ||
| 730 | _a 11 नाटकांच्या नवलकथा | ||
| 942 | _cBOOK | ||
| 999 |
_c111982 _d111982 |
||